| 000 | 00669nam a2200181 4500 | ||
|---|---|---|---|
| 999 |
_c17503 _d17503 |
||
| 008 | 221026b ||||| |||| 00| 0 eng d | ||
| 020 | _a9786214180783 | ||
| 082 |
_22020 _aDFil 363.25 _bG165 |
||
| 100 |
_aGarcia, Mario Baesa. _912300 |
||
| 245 |
_aBest approach in crime detection investigation and intelligence / _cMario Baesa Garcia. |
||
| 260 |
_aQuezon City : _bWiseman's Books Trading, Inc., _c©2020. |
||
| 300 |
_aix, 266 pages : _billustrations ; _c22 cm. |
||
| 500 | _aIncludes bibliographical references. | ||
| 650 |
_aCriminal investigation. _946550 |
||
| 650 |
_aCriminals _xIdentification. _946551 |
||
| 650 |
_aDetectives. _915847 |
||
| 942 |
_2ddc _cDFIL |
||